00636 2200301 4500001002100000005001500021035002000036245002900056100001300085250000600098300000800104856001200112260003600124082000800160084001400168020002200182600001000204990001200214990001200226990001200238990001200250990001200262990001200274990001200286990001200298990001200310990001200322INLIS00000000000163420250429072456 a0010-04250000501 aNeraka Dunia /cIskandar0 aIskandar a1 a164 aRak 800 aJakarta :bBalai Pustaka,c2002 a813 a813 ISK n a978-602-481-29-28 4aFiksi a02.2010 a02.2011 a02.2012 a02.2013 a02.2014 a02.2015 a02.2016 a02.2017 a02.2018 a02.2019